000 00565nam a2200193Ia 4500
005 20250326145118.0
008 250326s9999 xx 000 0 und d
037 _aTextbook
040 _aFMSL
_beng
_cFMSL
041 _aeng
_2eng
084 _aV55y7 P9
_qFMSL
100 _aShowalter D
_9750672
245 0 _aHitler's Panzers : lighting attacks that revlutionized warfare
_cShowalter D
260 _aNY
_bNY, Berkley Caliber
_c2009
365 _b1176.0540000000001
650 _aManagement
942 _cTB
_hV55y7 P9
999 _c1306415
_d1306415